00523nam a2200145Ia 4500008004100000020003500041082002000076100002800096245008000124250001600204300002100220942001300241999001900254952010400273210430s9999 xx 000 0 und d a9781466552999 (hardcover : aci a660.0151 L8471A aLoney, Norman W.910934 aApplied mathematical methods for chemical engineers 3rd /cLoney, Norman W. a3rd Edition axix, 545 pages ; cREF2ddc c565763d565763 00104070aSCMEbSCMEcREFd0008-12-16l0o660.0151 L8471ApSCME-4712r2021-04-30w2021-04-30yREF